[Event "DVM U16 2021"]
[Site "Kiel GER"]
[Date "2022.07.25"]
[Round "6"]
[White "Wehrle, Valentin"]
[Black "Ginschel, Leonhard"]
[Result "1/2-1/2"]
[Termination "normal"]
[Board "5.4"]
[WhiteElo "1440"]
[BlackElo "1273"]
[WhiteClock "00:52:10"]
[BlackClock "00:44:32"]
[WhiteTeam "SC Brombach e.V."]
[BlackTeam "TV Tegernsee"]
[PlyCount "83"]
[WhiteFideId "65600355"]
[BlackFideId "16290917"]
[EventCountry "GER"]
[EventRounds "7"]
[EventType "team-swiss"]
[EventDate "2022.07.22"]

1. d4 {[%clk 01:30:52]} {[%emt 00:00:08]} d5 {[%clk 01:30:54]} {[%emt
00:00:06]} 2. c4 {[%clk 01:31:10]} {[%emt 00:00:12]} e6 {[%clk 01:31:19]}
{[%emt 00:00:06]} 3. g3 {[%clk 01:31:18]} {[%emt 00:00:21]} Nf6 {[%clk
01:31:36]} {[%emt 00:00:13]} 4. Bg2 {[%clk 01:31:32]} {[%emt 00:00:16]} Be7
{[%clk 01:31:58]} {[%emt 00:00:08]} 5. Nf3 {[%clk 01:31:44]} {[%emt 00:00:17]}
O-O {[%clk 01:32:18]} {[%emt 00:00:11]} 6. O-O {[%clk 01:31:44]} {[%emt
00:00:30]} Nbd7 {[%clk 01:32:41]} {[%emt 00:00:07]} 7. Qc2 {[%clk 01:31:14]}
{[%emt 00:01:00]} b6 {[%clk 01:31:18]} {[%emt 00:01:53]} 8. Nbd2 {[%clk
01:30:35]} {[%emt 00:01:09]} Bb7 {[%clk 01:31:24]} {[%emt 00:00:23]} 9. Nb3
{[%clk 01:25:57]} {[%emt 00:05:10]} c5 {[%clk 01:25:54]} {[%emt 00:06:00]} 10.
cxd5 {[%clk 01:25:48]} {[%emt 00:00:38]} Bxd5 {[%clk 01:26:11]} {[%emt
00:00:13]} 11. dxc5 {[%clk 01:26:06]} {[%emt 00:00:13]} Nxc5 {[%clk 01:26:00]}
{[%emt 00:00:40]} 12. Nxc5 {[%clk 01:26:00]} {[%emt 00:00:35]} Bxc5 {[%clk
01:26:24]} {[%emt 00:00:07]} 13. Bf4 {[%clk 01:24:54]} {[%emt 00:01:36]} Rc8
{[%clk 01:24:16]} {[%emt 00:02:38]} 14. Qa4 {[%clk 01:23:28]} {[%emt 00:01:50]}
a5 {[%clk 01:19:21]} {[%emt 00:05:31]} 15. Ne1 {[%clk 01:18:40]} {[%emt
00:05:19]} Bxg2 {[%clk 01:16:32]} {[%emt 00:03:18]} 16. Nxg2 {[%clk 01:12:28]}
{[%emt 00:06:42]} Qd4 {[%clk 01:15:04]} {[%emt 00:01:58]} 17. Qb3 {[%clk
01:09:37]} {[%emt 00:03:22]} Qb4 {[%clk 01:12:00]} {[%emt 00:03:33]} 18. Qxb4
{[%clk 01:09:12]} {[%emt 00:00:55]} Bxb4 {[%clk 01:12:25]} {[%emt 00:00:06]}
19. Rac1 {[%clk 01:09:05]} {[%emt 00:00:36]} Bc5 {[%clk 01:11:19]} {[%emt
00:01:36]} 20. Be3 {[%clk 01:09:13]} {[%emt 00:00:22]} Bxe3 {[%clk 01:08:38]}
{[%emt 00:03:11]} 21. Nxe3 {[%clk 01:09:20]} {[%emt 00:00:23]} Rfd8 {[%clk
01:06:13]} {[%emt 00:02:54]} 22. Rfd1 {[%clk 01:09:05]} {[%emt 00:00:44]} Rxd1+
{[%clk 01:05:24]} {[%emt 00:01:21]} 23. Rxd1 {[%clk 01:09:27]} {[%emt
00:00:09]} Kf8 {[%clk 01:05:42]} {[%emt 00:00:11]} 24. f3 {[%clk 01:09:35]}
{[%emt 00:00:22]} Ke7 {[%clk 01:05:46]} {[%emt 00:00:26]} 25. Kf2 {[%clk
01:09:42]} {[%emt 00:00:23]} Rc5 {[%clk 01:04:01]} {[%emt 00:02:15]} 26. Rd2
{[%clk 01:08:03]} {[%emt 00:02:07]} Rc1 {[%clk 01:02:06]} {[%emt 00:02:27]} 27.
Rd1 {[%clk 01:08:04]} {[%emt 00:00:30]} Rxd1 {[%clk 01:01:13]} {[%emt
00:01:23]} 28. Nxd1 {[%clk 01:08:25]} {[%emt 00:00:09]} Nd5 {[%clk 01:00:43]}
{[%emt 00:01:00]} 29. e4 {[%clk 01:07:43]} {[%emt 00:01:11]} Nc7 {[%clk
00:57:29]} {[%emt 00:03:44]} 30. Ke3 {[%clk 01:07:00]} {[%emt 00:01:13]} Kd6
{[%clk 00:56:08]} {[%emt 00:01:51]} 31. Kd4 {[%clk 01:03:45]} {[%emt 00:03:45]}
b5 {[%clk 00:55:30]} {[%emt 00:01:07]} 32. a3 {[%clk 01:03:31]} {[%emt
00:00:44]} e5+ {[%clk 00:54:50]} {[%emt 00:01:11]} 33. Kc3 {[%clk 01:03:13]}
{[%emt 00:00:48]} Ke6 {[%clk 00:52:06]} {[%emt 00:03:14]} 34. b4 {[%clk
01:03:06]} {[%emt 00:00:36]} axb4+ {[%clk 00:52:07]} {[%emt 00:00:30]} 35. axb4
{[%clk 01:02:22]} {[%emt 00:01:14]} f5 {[%clk 00:51:38]} {[%emt 00:00:58]} 36.
Nb2 {[%clk 01:00:10]} {[%emt 00:02:42]} g5 {[%clk 00:50:46]} {[%emt 00:01:23]}
37. Kd2 {[%clk 01:00:04]} {[%emt 00:00:36]} h5 {[%clk 00:50:06]} {[%emt
00:01:10]} 38. h3 {[%clk 00:58:59]} {[%emt 00:01:35]} Ne8 {[%clk 00:47:08]}
{[%emt 00:03:28]} 39. Nd3 {[%clk 00:58:09]} {[%emt 00:01:21]} Nf6 {[%clk
00:45:17]} {[%emt 00:02:20]} 40. Nc5+ {[%clk 00:57:55]} {[%emt 00:00:44]} Kd6
{[%clk 00:44:31]} {[%emt 00:01:16]} 41. Kd3 {[%clk 00:54:00]} {[%emt 00:04:25]}
fxe4+ {[%clk 00:44:32]} {[%emt 00:00:29]} 42. fxe4 {[%clk 00:52:10]} {[%emt
00:02:20]} 1/2-1/2

[Event "DVM U16 2021"]
[Site "Kiel GER"]
[Date "2022.07.25"]
[Round "6"]
[White "Zhou, Lepu Coco"]
[Black "Mainka, Alwin"]
[Result "0-1"]
[Termination "normal"]
[Board "6.1"]
[WhiteElo "1986"]
[BlackElo "2011"]
[WhiteClock "00:39:04"]
[BlackClock "01:15:41"]
[WhiteTeam "SC Weisse Dame e.V."]
[BlackTeam "DJK Arminia Eilendorf 1919 e. V."]
[PlyCount "50"]
[WhiteFideId "16217136"]
[BlackFideId "16241177"]
[EventCountry "GER"]
[EventRounds "7"]
[EventType "team-swiss"]
[EventDate "2022.07.22"]

1. e4 {[%clk 01:30:53]} {[%emt 00:00:06]} c5 {[%clk 01:30:50]} {[%emt
00:00:10]} 2. Nf3 {[%clk 01:31:18]} {[%emt 00:00:05]} d6 {[%clk 01:31:14]}
{[%emt 00:00:06]} 3. Bb5+ {[%clk 01:31:42]} {[%emt 00:00:06]} Bd7 {[%clk
01:30:59]} {[%emt 00:00:45]} 4. Bxd7+ {[%clk 01:32:07]} {[%emt 00:00:05]} Qxd7
{[%clk 01:30:24]} {[%emt 00:01:06]} 5. c4 {[%clk 01:32:30]} {[%emt 00:00:06]}
e5 {[%clk 01:30:19]} {[%emt 00:00:36]} 6. Nc3 {[%clk 01:32:47]} {[%emt
00:00:13]} Ne7 {[%clk 01:30:00]} {[%emt 00:00:48]} 7. O-O {[%clk 01:32:59]}
{[%emt 00:00:19]} g6 {[%clk 01:28:47]} {[%emt 00:01:42]} 8. d3 {[%clk
01:32:37]} {[%emt 00:00:53]} Bg7 {[%clk 01:28:22]} {[%emt 00:00:55]} 9. a3
{[%clk 01:32:33]} {[%emt 00:00:34]} Nbc6 {[%clk 01:28:14]} {[%emt 00:00:38]}
10. Rb1 {[%clk 01:32:19]} {[%emt 00:00:43]} O-O {[%clk 01:25:54]} {[%emt
00:02:50]} 11. b4 {[%clk 01:30:28]} {[%emt 00:02:21]} h6 {[%clk 01:23:26]}
{[%emt 00:02:59]} 12. Be3 {[%clk 01:27:38]} {[%emt 00:03:20]} b6 {[%clk
01:23:11]} {[%emt 00:00:45]} 13. Qa4 {[%clk 01:24:16]} {[%emt 00:03:51]} Rad8
{[%clk 01:23:08]} {[%emt 00:00:34]} 14. Rfc1 {[%clk 01:18:31]} {[%emt
00:06:14]} f5 {[%clk 01:20:15]} {[%emt 00:03:24]} 15. b5 {[%clk 01:09:20]}
{[%emt 00:09:41]} Nb8 {[%clk 01:19:45]} {[%emt 00:01:00]} 16. Nd5 {[%clk
01:05:52]} {[%emt 00:03:57]} Nxd5 {[%clk 01:19:28]} {[%emt 00:00:47]} 17. exd5
{[%clk 01:05:52]} {[%emt 00:00:31]} f4 {[%clk 01:19:44]} {[%emt 00:00:13]} 18.
Bd2 {[%clk 01:06:03]} {[%emt 00:00:18]} a5 {[%clk 01:19:55]} {[%emt 00:00:21]}
19. d4 {[%clk 00:58:27]} {[%emt 00:08:05]} e4 {[%clk 01:18:11]} {[%emt
00:02:13]} 20. Nh4 {[%clk 00:53:35]} {[%emt 00:05:23]} Qg4 {[%clk 01:18:11]}
{[%emt 00:00:31]} 21. dxc5 {[%clk 00:52:58]} {[%emt 00:01:06]} dxc5 {[%clk
01:17:51]} {[%emt 00:00:50]} 22. f3 {[%clk 00:48:35]} {[%emt 00:04:52]} Qxh4
{[%clk 01:17:25]} {[%emt 00:00:57]} 23. fxe4 {[%clk 00:48:17]} {[%emt
00:00:47]} Bd4+ {[%clk 01:17:18]} {[%emt 00:00:37]} 24. Kh1 {[%clk 00:46:31]}
{[%emt 00:02:16]} f3 {[%clk 01:17:14]} {[%emt 00:00:36]} 25. gxf3 {[%clk
00:39:04]} {[%emt 00:07:56]} Rxf3 {[%clk 01:15:41]} {[%emt 00:02:03]} 0-1

[Event "DVM U16 2021"]
[Site "Kiel GER"]
[Date "2022.07.25"]
[Round "6"]
[White "Alms, Frithjof"]
[Black "Tham, Nam"]
[Result "0-1"]
[Termination "normal"]
[Board "6.2"]
[WhiteElo "1603"]
[BlackElo "1951"]
[WhiteClock "00:35:48"]
[BlackClock "01:15:59"]
[WhiteTeam "DJK Arminia Eilendorf 1919 e. V."]
[BlackTeam "SC Weisse Dame e.V."]
[PlyCount "50"]
[WhiteFideId "16258398"]
[BlackFideId "12997331"]
[EventCountry "GER"]
[EventRounds "7"]
[EventType "team-swiss"]
[EventDate "2022.07.22"]

1. e4 {[%clk 01:30:53]} {[%emt 00:00:06]} e5 {[%clk 01:30:57]} {[%emt
00:00:03]} 2. Nf3 {[%clk 01:30:54]} {[%emt 00:00:30]} Nc6 {[%clk 01:31:21]}
{[%emt 00:00:04]} 3. Bb5 {[%clk 01:30:35]} {[%emt 00:00:51]} a6 {[%clk
01:31:40]} {[%emt 00:00:11]} 4. Ba4 {[%clk 01:30:57]} {[%emt 00:00:08]} b5
{[%clk 01:31:57]} {[%emt 00:00:13]} 5. Bb3 {[%clk 01:31:17]} {[%emt 00:00:09]}
Bc5 {[%clk 01:32:23]} {[%emt 00:00:05]} 6. O-O {[%clk 01:29:49]} {[%emt
00:01:58]} d6 {[%clk 01:32:40]} {[%emt 00:00:12]} 7. h3 {[%clk 01:29:11]}
{[%emt 00:01:08]} Bb6 {[%clk 01:33:00]} {[%emt 00:00:10]} 8. c3 {[%clk
01:28:15]} {[%emt 00:01:27]} h6 {[%clk 01:32:45]} {[%emt 00:00:46]} 9. d4
{[%clk 01:27:31]} {[%emt 00:01:13]} Qf6 {[%clk 01:32:55]} {[%emt 00:00:20]} 10.
d5 {[%clk 01:23:01]} {[%emt 00:05:00]} Na5 {[%clk 01:32:57]} {[%emt 00:00:27]}
11. Bc2 {[%clk 01:21:42]} {[%emt 00:01:49]} Ne7 {[%clk 01:33:22]} {[%emt
00:00:06]} 12. Nbd2 {[%clk 01:15:36]} {[%emt 00:06:36]} g5 {[%clk 01:33:43]}
{[%emt 00:00:09]} 13. Nh2 {[%clk 01:13:20]} {[%emt 00:02:46]} h5 {[%clk
01:33:16]} {[%emt 00:00:57]} 14. b4 {[%clk 01:04:43]} {[%emt 00:09:07]} Nb7
{[%clk 01:33:07]} {[%emt 00:00:39]} 15. Nb3 {[%clk 01:03:30]} {[%emt 00:01:43]}
g4 {[%clk 01:31:26]} {[%emt 00:02:12]} 16. Be3 {[%clk 00:56:20]} {[%emt
00:07:39]} gxh3 {[%clk 01:29:35]} {[%emt 00:02:21]} 17. g3 {[%clk 00:51:05]}
{[%emt 00:05:45]} Bxe3 {[%clk 01:23:36]} {[%emt 00:06:29]} 18. fxe3 {[%clk
00:51:28]} {[%emt 00:00:07]} Qg7 {[%clk 01:23:57]} {[%emt 00:00:10]} 19. Qf3
{[%clk 00:50:37]} {[%emt 00:01:20]} Rg8 {[%clk 01:21:58]} {[%emt 00:02:29]} 20.
Kf2 {[%clk 00:49:58]} {[%emt 00:01:09]} Bd7 {[%clk 01:17:10]} {[%emt 00:05:18]}
21. Rg1 {[%clk 00:48:54]} {[%emt 00:01:33]} O-O-O {[%clk 01:16:49]} {[%emt
00:00:51]} 22. Ke2 {[%clk 00:48:41]} {[%emt 00:00:43]} Rdf8 {[%clk 01:16:53]}
{[%emt 00:00:26]} 23. Raf1 {[%clk 00:38:21]} {[%emt 00:10:50]} f5 {[%clk
01:16:06]} {[%emt 00:01:17]} 24. Qxh5 {[%clk 00:35:48]} {[%emt 00:03:03]} Rh8
{[%clk 01:15:34]} {[%emt 00:01:03]} 25. Qf3 {[%clk 00:35:48]} {[%emt 00:00:30]}
fxe4 {[%clk 01:15:59]} {[%emt 00:00:04]} 0-1

[Event "DVM U16 2021"]
[Site "Kiel GER"]
[Date "2022.07.25"]
[Round "6"]
[White "Preissner, Laurenz"]
[Black "Mainka, Ingmar"]
[Result "0-1"]
[Termination "normal"]
[Board "6.3"]
[WhiteElo "1586"]
[BlackElo "1432"]
[WhiteClock "00:38:02"]
[BlackClock "00:17:36"]
[WhiteTeam "SC Weisse Dame e.V."]
[BlackTeam "DJK Arminia Eilendorf 1919 e. V."]
[PlyCount "76"]
[WhiteFideId "34614419"]
[BlackFideId "16254937"]
[EventCountry "GER"]
[EventRounds "7"]
[EventType "team-swiss"]
[EventDate "2022.07.22"]

1. e4 {[%clk 01:30:59]} c5 {[%clk 01:30:53]} {[%emt 00:00:08]} 2. d4 {[%clk
01:31:28]} {[%emt 00:00:01]} cxd4 {[%clk 01:31:15]} {[%emt 00:00:07]} 3. c3
{[%clk 01:31:55]} {[%emt 00:00:03]} d5 {[%clk 01:31:17]} {[%emt 00:00:28]} 4.
exd5 {[%clk 01:31:42]} {[%emt 00:00:44]} Qxd5 {[%clk 01:31:41]} {[%emt
00:00:06]} 5. cxd4 {[%clk 01:31:54]} {[%emt 00:00:17]} Nc6 {[%clk 01:31:47]}
{[%emt 00:00:24]} 6. Nf3 {[%clk 01:32:14]} {[%emt 00:00:11]} Bg4 {[%clk
01:31:52]} {[%emt 00:00:25]} 7. Nc3 {[%clk 01:31:45]} {[%emt 00:00:59]} Qd8
{[%clk 01:29:42]} {[%emt 00:02:40]} 8. d5 {[%clk 01:29:59]} {[%emt 00:02:16]}
Bxf3 {[%clk 01:27:45]} {[%emt 00:02:27]} 9. Qxf3 {[%clk 01:28:53]} {[%emt
00:01:36]} Ne5 {[%clk 01:27:52]} {[%emt 00:00:23]} 10. Qg3 {[%clk 01:24:54]}
{[%emt 00:04:29]} Nd7 {[%clk 01:27:25]} {[%emt 00:00:57]} 11. Nb5 {[%clk
01:21:50]} {[%emt 00:03:34]} Rc8 {[%clk 01:27:13]} {[%emt 00:00:42]} 12. d6
{[%clk 01:21:49]} {[%emt 00:00:32]} exd6 {[%clk 01:25:20]} {[%emt 00:02:22]}
13. Qe3+ {[%clk 01:22:09]} {[%emt 00:00:10]} Be7 {[%clk 01:23:35]} {[%emt
00:02:15]} 14. Nxd6+ {[%clk 01:22:34]} {[%emt 00:00:04]} Kf8 {[%clk 01:23:57]}
{[%emt 00:00:08]} 15. Nxc8 {[%clk 01:22:54]} {[%emt 00:00:10]} Qxc8 {[%clk
01:24:24]} {[%emt 00:00:04]} 16. Bd2 {[%clk 01:20:48]} {[%emt 00:02:36]} Bc5
{[%clk 01:22:14]} {[%emt 00:02:39]} 17. Qg3 {[%clk 01:12:32]} {[%emt 00:08:46]}
Ngf6 {[%clk 01:21:32]} {[%emt 00:01:12]} 18. b4 {[%clk 01:11:49]} {[%emt
00:01:13]} Ne4 {[%clk 01:20:07]} {[%emt 00:01:55]} 19. Qf4 {[%clk 01:04:38]}
{[%emt 00:07:42]} Bxf2+ {[%clk 01:16:07]} {[%emt 00:04:30]} 20. Kd1 {[%clk
01:03:09]} {[%emt 00:01:58]} Bd4 {[%clk 01:06:03]} {[%emt 00:10:35]} 21. Rc1
{[%clk 00:58:25]} {[%emt 00:05:13]} Nf2+ {[%clk 01:06:10]} {[%emt 00:00:23]}
22. Ke2 {[%clk 00:58:47]} {[%emt 00:00:09]} Qe8+ {[%clk 01:06:22]} {[%emt
00:00:17]} 23. Kf3 {[%clk 00:58:54]} {[%emt 00:00:23]} Ne5+ {[%clk 01:06:25]}
{[%emt 00:00:27]} 24. Kg3 {[%clk 00:58:50]} {[%emt 00:00:35]} Nxh1+ {[%clk
01:06:45]} {[%emt 00:00:09]} 25. Kh3 {[%clk 00:57:58]} {[%emt 00:01:22]} Nf2+
{[%clk 01:06:26]} {[%emt 00:00:48]} 26. Kg3 {[%clk 00:58:10]} {[%emt 00:00:19]}
Qd7 {[%clk 01:02:31]} {[%emt 00:04:25]} 27. Bb5 {[%clk 00:54:19]} {[%emt
00:04:21]} Nfd3 {[%clk 00:49:28]} {[%emt 00:13:33]} 28. Bxd7 {[%clk 00:52:23]}
{[%emt 00:02:26]} Nxf4 {[%clk 00:49:50]} {[%emt 00:00:07]} 29. Rc8+ {[%clk
00:52:37]} {[%emt 00:00:17]} Ke7 {[%clk 00:50:16]} {[%emt 00:00:05]} 30. Rxh8
{[%clk 00:50:34]} {[%emt 00:02:32]} Ne2+ {[%clk 00:50:37]} {[%emt 00:00:09]}
31. Kh3 {[%clk 00:50:39]} {[%emt 00:00:25]} Kxd7 {[%clk 00:51:01]} {[%emt
00:00:06]} 32. Rxh7 {[%clk 00:50:46]} {[%emt 00:00:20]} Ke6 {[%clk 00:46:26]}
{[%emt 00:05:09]} 33. Rh4 {[%clk 00:48:25]} {[%emt 00:02:50]} Kf5 {[%clk
00:30:47]} {[%emt 00:16:09]} 34. a4 {[%clk 00:44:45]} {[%emt 00:04:11]} Nc4
{[%clk 00:18:25]} {[%emt 00:12:51]} 35. Bc3 {[%clk 00:43:46]} {[%emt 00:01:29]}
Bf2 {[%clk 00:17:33]} {[%emt 00:01:22]} 36. g3 {[%clk 00:42:23]} {[%emt
00:01:54]} Ne3 {[%clk 00:17:36]} {[%emt 00:00:27]} 37. Rh5+ {[%clk 00:41:14]}
{[%emt 00:01:38]} g5 {[%clk 00:17:36]} {[%emt 00:00:30]} 38. Rh8 {[%clk
00:38:02]} {[%emt 00:03:42]} Ng1# {[%emt 00:00:21]} 0-1

[Event "DVM U16 2021"]
[Site "Kiel GER"]
[Date "2022.07.25"]
[Round "6"]
[White "Sassenscheidt, Julius"]
[Black "Matiashvili, Alexander Michael"]
[Result "1/2-1/2"]
[Termination "normal"]
[Board "6.4"]
[WhiteElo "1383"]
[BlackElo "1397"]
[WhiteClock "00:04:52"]
[BlackClock "00:14:27"]
[WhiteTeam "DJK Arminia Eilendorf 1919 e. V."]
[BlackTeam "SC Weisse Dame e.V."]
[PlyCount "68"]
[WhiteFideId "16258509"]
[BlackFideId "16266242"]
[EventCountry "GER"]
[EventRounds "7"]
[EventType "team-swiss"]
[EventDate "2022.07.22"]

1. d4 {[%clk 01:30:46]} {[%emt 00:00:13]} Nf6 {[%clk 01:30:54]} {[%emt
00:00:06]} 2. c4 {[%clk 01:30:37]} {[%emt 00:00:40]} g6 {[%clk 01:30:23]}
{[%emt 00:01:01]} 3. Nc3 {[%clk 01:29:55]} {[%emt 00:01:12]} d6 {[%clk
01:30:26]} {[%emt 00:00:27]} 4. Bg5 {[%clk 01:28:11]} {[%emt 00:02:15]} Bg7
{[%clk 01:29:51]} {[%emt 00:01:04]} 5. Nf3 {[%clk 01:27:32]} {[%emt 00:01:09]}
O-O {[%clk 01:29:28]} {[%emt 00:00:53]} 6. e3 {[%clk 01:26:31]} {[%emt
00:01:31]} Nbd7 {[%clk 01:26:21]} {[%emt 00:03:36]} 7. Bd3 {[%clk 01:21:46]}
{[%emt 00:05:16]} e5 {[%clk 01:25:09]} {[%emt 00:01:42]} 8. Nd2 {[%clk
01:19:23]} {[%emt 00:02:53]} h6 {[%clk 01:19:21]} {[%emt 00:06:18]} 9. Bh4
{[%clk 01:08:47]} {[%emt 00:11:06]} c6 {[%clk 01:15:04]} {[%emt 00:04:46]} 10.
O-O {[%clk 01:03:24]} {[%emt 00:05:54]} Qc7 {[%clk 01:13:26]} {[%emt 00:02:08]}
11. Nb3 {[%clk 00:57:17]} {[%emt 00:06:36]} b6 {[%clk 01:10:35]} {[%emt
00:03:22]} 12. Rc1 {[%clk 00:51:03]} {[%emt 00:06:44]} Nh7 {[%clk 01:08:45]}
{[%emt 00:02:20]} 13. h3 {[%clk 00:46:22]} {[%emt 00:05:12]} f5 {[%clk
01:03:32]} {[%emt 00:05:42]} 14. f3 {[%clk 00:38:27]} {[%emt 00:08:25]} Nhf6
{[%clk 00:59:27]} {[%emt 00:04:34]} 15. Bg3 {[%clk 00:36:03]} {[%emt 00:02:55]}
Ne8 {[%clk 00:53:20]} {[%emt 00:06:37]} 16. Bh2 {[%clk 00:32:55]} {[%emt
00:03:39]} g5 {[%clk 00:49:07]} {[%emt 00:04:42]} 17. d5 {[%clk 00:26:49]}
{[%emt 00:06:36]} Ndf6 {[%clk 00:43:33]} {[%emt 00:06:04]} 18. Qd2 {[%clk
00:20:17]} {[%emt 00:07:02]} f4 {[%clk 00:38:25]} {[%emt 00:05:38]} 19. dxc6
{[%clk 00:17:25]} {[%emt 00:03:22]} Qxc6 {[%clk 00:34:06]} {[%emt 00:04:49]}
20. Ne4 {[%clk 00:16:15]} {[%emt 00:01:40]} Bb7 {[%clk 00:29:00]} {[%emt
00:05:35]} 21. Qe2 {[%clk 00:12:17]} {[%emt 00:04:29]} Qd7 {[%clk 00:23:30]}
{[%emt 00:06:00]} 22. Nbd2 {[%clk 00:11:03]} {[%emt 00:01:45]} Nxe4 {[%clk
00:20:52]} {[%emt 00:03:07]} 23. Bxe4 {[%clk 00:09:51]} {[%emt 00:01:42]} Bxe4
{[%clk 00:20:51]} {[%emt 00:00:31]} 24. Nxe4 {[%clk 00:10:03]} {[%emt
00:00:19]} Nf6 {[%clk 00:20:54]} {[%emt 00:00:26]} 25. exf4 {[%clk 00:07:58]}
{[%emt 00:02:35]} exf4 {[%clk 00:19:33]} {[%emt 00:01:51]} 26. Rc2 {[%clk
00:07:17]} {[%emt 00:01:11]} Rfe8 {[%clk 00:17:55]} {[%emt 00:02:08]} 27. Nxf6+
{[%clk 00:06:40]} {[%emt 00:01:08]} Bxf6 {[%clk 00:18:18]} {[%emt 00:00:06]}
28. Qd3 {[%clk 00:06:42]} {[%emt 00:00:29]} Qh7 {[%clk 00:18:06]} {[%emt
00:00:41]} 29. Qxh7+ {[%clk 00:05:14]} {[%emt 00:01:58]} Kxh7 {[%clk 00:18:30]}
{[%emt 00:00:07]} 30. Rd2 {[%clk 00:05:26]} {[%emt 00:00:17]} Re7 {[%clk
00:17:07]} {[%emt 00:01:53]} 31. Rfd1 {[%clk 00:04:54]} {[%emt 00:01:02]} Rd8
{[%clk 00:15:58]} {[%emt 00:01:39]} 32. Kf1 {[%emt 00:00:44]} Be5 {[%clk
00:15:38]} {[%emt 00:00:49]} 33. Bg1 {[%clk 00:04:35]} {[%emt 00:00:36]} Kg7
{[%clk 00:14:59]} {[%emt 00:01:09]} 34. Bd4 {[%clk 00:04:52]} {[%emt 00:00:13]}
Kf6 {[%clk 00:14:27]} {[%emt 00:01:02]} 1/2-1/2

[Event "DVM U16 2021"]
[Site "Kiel GER"]
[Date "2022.07.25"]
[Round "6"]
[White "Albert, Markus"]
[Black "Langner, Robin"]
[Result "1/2-1/2"]
[Termination "normal"]
[Board "7.1"]
[WhiteElo "2010"]
[BlackElo "1690"]
[WhiteClock "00:38:47"]
[BlackClock "00:53:59"]
[WhiteTeam "SC Ansbach 1855 e.V."]
[BlackTeam "SK Freiburg-Zähringen 1887 e.V."]
[PlyCount "44"]
[WhiteFideId "16292626"]
[BlackFideId "34606190"]
[EventCountry "GER"]
[EventRounds "7"]
[EventType "team-swiss"]
[EventDate "2022.07.22"]

1. Nc3 {[%clk 01:30:56]} {[%emt 00:00:02]} c5 {[%clk 01:30:15]} {[%emt
00:00:45]} 2. Nf3 {[%clk 01:31:06]} {[%emt 00:00:20]} Nf6 {[%clk 01:30:33]}
{[%emt 00:00:13]} 3. e4 {[%clk 01:27:10]} {[%emt 00:04:26]} d6 {[%clk
01:30:49]} {[%emt 00:00:14]} 4. Bc4 {[%clk 01:26:35]} {[%emt 00:01:05]} e6
{[%clk 01:30:08]} {[%emt 00:01:10]} 5. d3 {[%clk 01:26:35]} {[%emt 00:00:31]}
a6 {[%clk 01:29:34]} {[%emt 00:01:04]} 6. a3 {[%clk 01:26:22]} {[%emt
00:00:43]} b5 {[%clk 01:29:33]} {[%emt 00:00:32]} 7. Ba2 {[%clk 01:26:45]}
{[%emt 00:00:06]} Nbd7 {[%clk 01:26:52]} {[%emt 00:03:11]} 8. O-O {[%clk
01:24:14]} {[%emt 00:03:02]} Bb7 {[%clk 01:24:48]} {[%emt 00:02:32]} 9. Ne1
{[%clk 01:22:24]} {[%emt 00:02:21]} Rc8 {[%clk 01:24:02]} {[%emt 00:01:16]} 10.
Qe2 {[%clk 01:18:08]} {[%emt 00:04:47]} Be7 {[%clk 01:18:59]} {[%emt 00:05:32]}
11. f4 {[%clk 01:10:14]} {[%emt 00:08:23]} O-O {[%clk 01:17:14]} {[%emt
00:02:16]} 12. g4 {[%clk 01:07:07]} {[%emt 00:03:37]} Nb6 {[%clk 01:14:21]}
{[%emt 00:03:23]} 13. g5 {[%clk 01:03:27]} {[%emt 00:04:10]} Nfd7 {[%clk
01:13:49]} {[%emt 00:01:02]} 14. Rf3 {[%clk 01:03:04]} {[%emt 00:00:54]} d5
{[%clk 01:12:35]} {[%emt 00:01:43]} 15. Rh3 {[%clk 01:02:49]} {[%emt 00:00:45]}
Re8 {[%clk 01:12:15]} {[%emt 00:00:49]} 16. Nd1 {[%clk 00:52:52]} {[%emt
00:10:27]} c4 {[%clk 01:08:45]} {[%emt 00:04:01]} 17. Nf2 {[%clk 00:51:30]}
{[%emt 00:01:52]} Nf8 {[%clk 01:04:47]} {[%emt 00:04:28]} 18. Be3 {[%clk
00:47:29]} {[%emt 00:04:31]} e5 {[%clk 00:59:59]} {[%emt 00:05:18]} 19. fxe5
{[%clk 00:43:05]} {[%emt 00:04:54]} Bxg5 {[%clk 00:59:16]} {[%emt 00:01:13]}
20. d4 {[%clk 00:42:56]} {[%emt 00:00:40]} dxe4 {[%clk 00:58:10]} {[%emt
00:01:36]} 21. c3 {[%clk 00:42:53]} {[%emt 00:00:32]} Re6 {[%clk 00:56:53]}
{[%emt 00:01:48]} 22. Rg3 {[%clk 00:38:47]} {[%emt 00:04:35]} Rg6 {[%clk
00:53:59]} {[%emt 00:03:23]} 1/2-1/2